| 000 | 00950cam a22002531 4500 | ||
|---|---|---|---|
| 001 | e 09001212 | ||
| 003 | DLC | ||
| 005 | 20260227111151.0 | ||
| 007 | cr_||||||||||| | ||
| 008 | 790914s1878 nyu 000 0 eng c | ||
| 010 | _ae 09001212 | ||
| 035 | _a(OCoLC)5377745 | ||
| 040 |
_aLibrary, U.S. Bur. of Education _cOCl _dDLC |
||
| 042 | _apremarc | ||
| 050 | 0 | 0 |
_aLB2529 _b.N73 1878 |
| 110 | 1 | _aNew York (State). | |
| 245 | 0 | 0 |
_aGeneral school laws of the state of New York. _cPrepared by the superintendent of public instruction, pursuant to chapter 252, Laws of 1878. |
| 260 |
_aAlbany, _bWeed, Parsons and company, printers, _c1878. |
||
| 300 |
_a133 p. _c23 cm. |
||
| 530 | _aAlso available in digital form on the Internet Archive Web site. | ||
| 650 | 0 |
_aEducational law and legislation _zNew York (State) |
|
| 710 | 1 |
_aNew York (State). _bDepartment of Public Instruction. |
|
| 856 | 4 | 1 | _uhttp://hdl.loc.gov/loc.gdc/scd0001.00203121660 |
| 999 |
_c18845 _d18845 |
||